000 01022nam a22001937a 4500
008 100406s2007 le|||||r|||| 000 0 ara d
020 _a9789953821160
082 _222
_a297.272
_bم و ص
100 _913358
_aالموصللي، أحمد
245 _aجدليات الشورى والديموقراطية :
_b/الديموقراطية وحقوق الإنسان فى الفكر الإسلامي
_cأحمد الموصللي
260 _aبيروت:
_b2007،مركز دراسات الوحدة العربية
_c2007
300 _a؛ 199 ص
_c23 سم
504 _aيشتمل على إرجاعات ببليوجرافية ص 177-199
650 _913315
_aالإسلام والديموقراطية
650 _913359
_aالشورى
650 _913360
_a(حقوق الإنسان (الإسلام
942 _2ddc
_cBB
999 _c13847
_d13847